Las antenas de telefonía movil (Registro nro. 323907)
[ vista simple ]
| 000 -ENCABEZADO | |
|---|---|
| Número de control [NR] | 01001nam a22002177a 4500 |
| 005 - FECHA Y HORA DE LA ÚLTIMA TRANSACCIÓN | |
| control field | 20240523134516.0 |
| 008 - DE LONGITUD FIJA DE DATOS DE ELEMENTOS - INFORMACIÓN GENERAL | |
| Elementos de longitud fija [NR] | 240221t ||||| |||| 00| 0 spa d |
| 020 ## - NUMERO INTERNACIONAL NORMALIZADO PARA LIBROS [R] | |
| Número Internacional Normalizado del libro [NR] | 8497670469 |
| 040 ## - FUENTE DE CATALOGACION [NR] | |
| Agencia de catalogación original [NR] | CO-BoUCM |
| Quien Cataloga | David Moreno |
| Quien Clasifica | David Moreno |
| 041 ## - CODIGO DE IDIOMA [R] | |
| Código de idioma para texto/pista de sonido o título separado [R] | Español |
| 100 1# - ASIENTO PRINCIPAL--NOMBRE PERSONAL [NR] | |
| Nombre personal [NR] | Molina Giménez, Andrés. |
| ID Autoridad | 180016 |
| 245 14 - MENCION DE TITULO [NR] | |
| Título [NR] | Las antenas de telefonía movil |
| Parte restante del título [NR] | régimen jurídico : análisis de los impactos visuales y radioeléctricos en las comunicaciones móviles |
| Mención de responsabilidad, etc. [NR] | Andrés Molina Giménez ; prólogo Ramón Martín Mateo. |
| 260 ## - PUBLICACION, DISTRIBUCION, ETC. (PIE DE IMPRENTA) [R] | |
| Lugar de publicación, distribución, etc. [R] | Cizur Menor, Navarra |
| Nombre del editor, distribuidor, etc. [R] | Aranzadi |
| Fecha de publicación, distribución, etc. [R] | 2002 |
| 300 ## - DESCRIPCION FISICA [R] | |
| Extensión [R] | 281 Paginas |
| 490 ## - MENCION DE SERIE [R] | |
| Mención de serie [R] | Colección Monografías Aranzadi ; 245 |
| -- | Biblioteca de derecho positivo |
| 504 ## - NOTA DE BIBLIOGRAFIA, ETC. [R] | |
| Nota de bibliografía, etc. [NR] | Incluye referencias bibliográficas |
| 650 17 - ASIENTO SECUNDARIO DE MATERIA - TERMINO TEMATICO [R] | |
| Término temático o nombre geográfico como elemento de entrada [NR] | Sistemas de telefonía móvil |
| Subdivisión general [R] | Ley y legislación |
| Subdivisión geográfica [R] | España |
| 9 (RLIN) | 180017 |
| 650 17 - ASIENTO SECUNDARIO DE MATERIA - TERMINO TEMATICO [R] | |
| Término temático o nombre geográfico como elemento de entrada [NR] | Sistemas de telefonía móvil |
| Subdivisión general [R] | Derecho y legislación |
| Subdivisión geográfica [R] | España |
| 9 (RLIN) | 180018 |
| 942 ## - ELEMENTOS DE ENTRADA AGREGADOS (KOHA) | |
| Sistema de clasificación | DEWEY |
| Tema principal | Derecho |
| Tipo de ítem principal el descrito en 300a | Libro |
| Edición | 1 |
| Clasificación | 343.091 |
| Parte restante de la signatura top. | M722a |
| Título oculto en OPAC | No |
| Signatura topográfica | Código de barras | Última vez visto | Ejemplar | Costo de reposición | Price effective from | Tipo de ítem | Perdido | Sistema de clasificación | Dañado | No prestable | Tipo de ítem específico | Suprimido | Ubicación habitual | Ubicación actual | Localización | Fecha de creación | Forma de adquisición |
|---|---|---|---|---|---|---|---|---|---|---|---|---|---|---|---|---|---|
| 343.091 M722a | 100172327 | 05/12/2025 | Ej.1 | 26000.00 | 21/02/2024 | Libro | DEWEY | Libro | Claustro | Claustro | 3er piso | 21/02/2024 | Donación |